书目信息 |
| 题名: |
民用建筑通用规范
|
|
| 作者: | 中华人民共和国住房和城乡建设部主编 ;国家市场监督管理总局批准 | |
| 分册: | ||
| 出版信息: | 北京 中国建筑工业出版社 2022.12 |
|
| 页数: | 8,68页 | |
| 开本: | 20cm | |
| 丛书名: | 中华人民共和国国家标准 | |
| 单 册: | ||
| 中图分类: | TU24-65 | |
| 科图分类: | ||
| 主题词: | 民用建筑--建筑设计 | |
| 电子资源: | ||
| ISBN: | ||
| 000 | 01262nam0 2200289 450 | |
| 001 | 2529469326 | |
| 005 | 20250515081424.93 | |
| 010 | @dCNY30.00 | |
| 091 | @a15112·38362 | |
| 100 | @a20230619d2022 km y0chiy0120 ea | |
| 101 | 0 | @achi |
| 102 | @aCN@b110000 | |
| 200 | 1 | @a民用建筑通用规范@AMin Yong Jian Zhu Tong Yong Gui Fan@eGB 55031-2022@f中华人民共和国住房和城乡建设部主编,国家市场监督管理总局批准@FZhong Hua Ren Min Gong He Guo Zhu Fang He Cheng Xiang Jian She Bu Zhu Bian,Guo Jia Shi Chang Jian Du Guan Li Zong Ju Pi Zhun |
| 210 | @a北京@c中国建筑工业出版社@d2022.12 | |
| 215 | @a8,68页@d20cm | |
| 225 | 2 | @a中华人民共和国国家标准 |
| 300 | @a本标准由中华人民共和国住房和城乡建设部, 国家市场监督管理总局于 2022-07-15 联合发布, 2023-03-01 实施. | |
| 410 | 0 | @12001 @a中华人民共和国国家标准 |
| 503 | @n河南城建学院图书馆 | |
| 510 | 1 | @a= General code for civil building |
| 517 | 1 | @aGB 55031-2022 |
| 606 | 0 | @a民用建筑@x建筑设计 |
| 690 | @aTU24-65@v4 | |
| 701 | 0 | @a中华人民共和国住房和城乡建设部主编@AZhong Hua Ren Min Gong He Guo Zhu Fang He Cheng Xiang Jian She Bu Zhu Bian |
| 711 | 02 | @a国家市场监督管理总局批准@AGuo Jia Shi Chang Jian Du Guan Li Zong Ju Pi Zhun |
| 801 | 0 | @aCN@b河南城建学院图书馆@c20230619 |
| 905 | @dTU24-65@eZ9113 | |
| 民用建筑通用规范:GB 55031-2022/中华人民共和国住房和城乡建设部主编,国家市场监督管理总局批准.-北京:中国建筑工业出版社,2022.12 |
| 8,68页;20cm.-(中华人民共和国国家标准) |
| 本标准由中华人民共和国住房和城乡建设部, 国家市场监督管理总局于 2022-07-15 联合发布, 2023-03-01 实施. |
| ISBN :CNY30.00 |
| ● |
| 相关链接 |
|
|
|
正题名:民用建筑通用规范
索取号:TU24-65/Z9113
 
预约/预借
| 序号 | 登录号 | 条形码 | 馆藏地/架位号 | 状态 | 备注 |
| 1 | 1555093 | 215550936 | 建筑与城市规划学院资料室/ [索取号:TU24-65/Z9113] | 在馆 | |
| 2 | 1555094 | 215550945 | 建筑与城市规划学院资料室/ [索取号:TU24-65/Z9113] | 在馆 | |
| 3 | 1555095 | 215550954 | 建筑与城市规划学院资料室/ [索取号:TU24-65/Z9113] | 在馆 | |
| 4 | 1555096 | 215550963 | 建筑与城市规划学院资料室/ [索取号:TU24-65/Z9113] | 在馆 | |
| 5 | 1555097 | 215550972 | 建筑与城市规划学院资料室/ [索取号:TU24-65/Z9113] | 在馆 |